LEADER 00853nam a2200229 i 4500 001 000000153870 003 CaOOAMICUS 005 20061004000000.0 008 061004s1925 it u000 u ger u 013 $a131216 040 $aSeMil$bita 100 1 $aDehio, Georg.$0(OLS)http://semarc/name/6842 245 10$aSüddeutschland /$cGeorg Dehio. 250 $a3. Aufl. 260 $aBerlin :$bWasmuth,$c1925. 300 $aVIII, 630 p., [1] c. di cart. :$bill. 18 cm. 773 0 $aDehio, Georg$tHandbuch der deutschen Kunstdenkmäler.$dBerlin : Wasmuth, 1922-1925.$gBand3$w()14606 850 $aSeMil 852 $aSeMil$W1$xVenegono$y1$m5Q I 37$j105754$B105754$CSeMilBibl$Z2$F114949 $81 961 $aRecupero: Altro 996 $6245$aSüddeutschland$9(OLS)http://semarc/title/225136 996 $6260$aBerlin :$bWasmuth$9(OLS)http://semarc/publisher/33963 LEADER 01093nam a2200217 i 4500 001 000000156650 003 CaOOAMICUS 005 20061211000000.0 008 061211n it u000 u ita u 013 $a134005 040 $aSeMil$bita 100 1 $aUcelli, Guido.$0(OLS)http://semarc/name/61192 245 10$aProgramma e idealità del Museo Nazionale della Scienza e della Tecnica "Leonardo da Vinci" :$ble istituzioni analoghe in Italia e all'estero /$cGuido Ucelli. 260 $aMilano :$bGrafiche italiane Stucchi,$c[195?] 300 $a101 p. :$bill. ;$c21 cm. 490 0 $aCollana monografie leonardesche ;$v9 830 0$aCollana monografie leonardesche ;$v9.$0(OLS)http://semarc/title/22463 850 $aSeMil 852 $aSeMil$W1$xVenegono$y1$m5K VI 1/9$j108399$B108399$CSeMilBibl$Z2$F117981 $81 996 $6245$aProgramma e idealità del Museo Nazionale della Scienza e della Tecnica "Leonardo da Vinci" :$ble istituzioni analoghe in Italia e all'estero$9(OLS)http://semarc/title/229614 996 $6260$aMilano :$bGrafiche italiane Stucchi$9(OLS)http://semarc/publisher/34536